Statistics for Neighboring countries and EEZ of the Netherlands

Click here to take the quiz!

General Stats

  • This quiz has been taken 64 times
  • The average score is 7 of 8

Answer Stats

Answer% Correct
Belgium
100%
France
100%
UK
98%
Germany
96%
Venezuela
84%
USA
82%
Saint Kitts and Nevis
64%
Dominican Republic
55%

Score Distribution

Percentile by Number Answered

Percent of People with Each Score

Your Score History

You have not taken this quiz